Rois et Reines de Portugal à l'époque moderne - Statistiques

Statistiques générales
  • Ce quiz a été pris 6 fois
  • Le résultat moyen est 7 sur 16
Statistiques - réponses
Maison Dates du règne Roi de France % Correct
Aviz-Beja 1495-1521 Manuel Ier
67%
Habsbourg 1580-1598 Philippe Ier
67%
Habsbourg 1598-1621 Philippe II
67%
Habsbourg 1621-1640 Philippe III
67%
Aviz directs 1481-1495 Jean II
50%
Aviz-Beja 1521-1557 Jean III
50%
Bragance 1640-1656 Jean IV
50%
Aviz-Beja 1578-1580 Henri Ier
33%
Bragance 1706-1750 Jean V
33%
Bragance 1750-1777 Joseph Ier
33%
Bragance 1777-1816 Marie Ire
33%
Bragance 1683-1706 Pierre II
33%
Aviz-Beja 1557-1578 Sébastien Ier
33%
Aviz directs 1438-1481 Alphonse V
17%
Bragance 1656-1683 Alphonse VI
17%
Aviz-Beja 1580 Antoine Ier
17%
Aucun quiz correspondant
Distribution des résultats
% des personnes avec chaque résultat
Percentile par nombre de réponses
Votre historique - résultats
Vous n’avez pas pris ce quiz